Statistics for Footballers by Career - Leeds United

Click here to take the quiz!

General Stats

  • This quiz has been taken 25 times
  • The average score is 6 of 10

Answer Stats

Player% Correct
Harry Kewell
95%
Jonathan Woodgate
86%
Mark Viduka
81%
Gary Speed
71%
Lee Bowyer
67%
Jermaine Beckford
57%
Robert Snodgrass
52%
Gary McAllister
48%
Gordon Strachan
43%
Nigel Martyn
43%

Score Distribution

Percentile by Number Answered

Percent of People with Each Score

Your Score History

You have not taken this quiz